00842nmc a2200289 a 4500003000900000005001700009008004100026020001800067040001300085100002000098245006100118250001200179260003600191300001900227490003600246504003300282650001800315650003200333650001000365650002000375650001300395650002100408653002300429653002200452700001800474800006000492AR-BaBNM20251128203245.0011101s1989 ||||||||||||||000 | spa|| a84-7046-217-2 cAR-BaBNM1 aFaure, Gérard10aEl juego dramático en la escuelabfichas de ejercicios a9ª ed. aBogotábCincel-Kapeluszc19890 a124 p.btablas 0aDiálogos en educaciónvv. 8 aBibliografía en p. 123-124 4aDRAMATIZACION 4aENSENANZA DE ARTE DRAMATICO 4aJUEGO 4aPSICOMOTRICIDAD 4aLENGUAJE 4aEDUCACION BASICA 0aEXPRESION CORPORAL 0aEDUCACION INICIAL1 aLascar, Serge1 aRodríguez Diéguez, José Luiseeditorecoordinador